El zapote mamey en México : (Record no. 52276)

MARC details
000 -LEADER
fixed length control field 00646nam a22001817a 4500
005 - DATE AND TIME OF LATEST TRANSACTION
control field 20150124130543.0
008 - FIXED-LENGTH DATA ELEMENTS--GENERAL INFORMATION
fixed length control field 140528s2008 mx||||g |||| 00| 0 spa d
020 ## - INTERNATIONAL STANDARD BOOK NUMBER
International Standard Book Number 9789688782903
050 04 - LIBRARY OF CONGRESS CALL NUMBER
Classification number SB291.S3
Item number Z37 2008
245 03 - TITLE STATEMENT
Title El zapote mamey en México :
Remainder of title avances de investigación /
Statement of responsibility, etc Irán Alia Tejacal...[et al], ed.
260 ## - PUBLICATION, DISTRIBUTION, ETC. (IMPRINT)
Place of publication, distribution, etc México :
Name of publisher, distributor, etc Universidad Autónoma del Estado de Morelos,
Date of publication, distribution, etc 2008
300 ## - PHYSICAL DESCRIPTION
Extent 184 p. :
Other physical details il. ;
Dimensions 22 cm.
504 ## - BIBLIOGRAPHY, ETC. NOTE
Bibliography, etc Incluye bibliografía
650 #7 - SUBJECT ADDED ENTRY--TOPICAL TERM
Source of heading or term Lemb
Topical term or geographic name as entry element Zapote
General subdivision Investigación
Geographic subdivision México
650 #7 - SUBJECT ADDED ENTRY--TOPICAL TERM
Source of heading or term Lemb
Topical term or geographic name as entry element Zapote
General subdivision Investigación
Geographic subdivision México
700 1# - ADDED ENTRY--PERSONAL NAME
Personal name Alia Tejacal, Irán,
Relator term ed.
942 ## - ADDED ENTRY ELEMENTS (KOHA)
Source of classification or shelving scheme Biblioteca del Cogreso de los Estados Unidos
Koha item type Libro
Holdings
Estado de pérdida Fuente de clasificación Estado del daño No para préstamo Ubicación permanente Ubicación actual Apartado o colección Fecha de adquisición Enumeración de Serie / Cronológica Dependencia de educación superior (DES) Área del conocimiento Clasificación Código de Barras Date last seen Número de copia Tipo de recurso
  Biblioteca del Cogreso de los Estados Unidos     Biblioteca de la Facultad de Ciencias Agropecuarias Biblioteca de la Facultad de Ciencias Agropecuarias General 28/05/2014 BFCAA000000628     SB291.S3 Z37 2008 BFCAA000000628 16/01/2015 C:1 Libro
  Biblioteca del Cogreso de los Estados Unidos     Biblioteca de la Facultad de Ciencias Agropecuarias Biblioteca de la Facultad de Ciencias Agropecuarias General 28/05/2014 BFCAA000000629     SB291.S3 Z37 2008 BFCAA000000629 16/01/2015 C:2 Libro
  Biblioteca del Cogreso de los Estados Unidos     Biblioteca de la Facultad de Ciencias Agropecuarias Biblioteca de la Facultad de Ciencias Agropecuarias General 28/05/2014 BFCAA000000630     SB291.S3 Z37 2008 BFCAA000000630 16/01/2015 C:3 Libro
  Biblioteca del Cogreso de los Estados Unidos     Biblioteca de la Facultad de Ciencias Agropecuarias Biblioteca de la Facultad de Ciencias Agropecuarias General 28/05/2014 BFCAA000000631     SB291.S3 Z37 2008 BFCAA000000631 16/01/2015 C:4 Libro